¿Enseñanzas? (Record no. 25279)

MARC details
000 -LEADER
campo de control de longitud fija 00613nam a2200193 i 4500
001 - NÚMERO DE CONTROL
campo de control 25279
003 - IDENTIFICADOR DE NÚMERO DE CONTROL
campo de control ES-MaACL
005 - FECHA Y HORA DE LA ÚLTIMA TRANSACCIÓN
campo de control 20251113143457.0
007 - CAMPO FIJO DE DESCRIPCIÓN FÍSICA--INFORMACIÓN GENERAL
campo de control de longitud fija t|
008 - DATOS DE LONGITUD FIJA--INFORMACIÓN GENERAL
campo de control de longitud fija 021223s1911 sp ||||1| spa d
100 1# - ENTRADA PRINCIPAL--NOMBRE DE PERSONA
Nombre de persona Armada y López, Arturo.
9 (RLIN) 22907
245 10 - MENCIÓN DEL TÍTULO
Título ¿Enseñanzas?
Resto del título : últimas campañas navales /
Mención de responsabilidad, etc. Arturo Armada y López ; carta-prólogo de José G. Sobral.
250 ## - MENCION DE EDICION
Mención de edición 2ª ed.
260 ## - PUBLICACIÓN, DISTRIBUCIÓN, ETC.
Lugar de publicación, distribución, etc. Madrid :
Nombre del editor, distribuidor, etc. [s.n.,
Fecha de publicación, distribución, etc. 1911] (
Fabricante Imp. El Porvenir)
300 ## - DESCRIPCIÓN FÍSICA
Extensión 221 p. ;
Dimensiones 23 cm.
700 1# - ENTRADA AGREGADA--NOMBRE PERSONAL
Nombre de persona Gutiérrez Sobral, José,
Fechas asociadas al nombre 1858-1918
9 (RLIN) 106992
852 ## - LOCALIZACIÓN
Ubicación ES-MaACL
Número de control de estantería G-12509
Holdings
Estatus retirado Estado de pérdida Estado de daño No para préstamo Biblioteca de origen Biblioteca actual Ubicación en estantería Fecha de adquisición Fuente de adquisición Total de préstamos Signatura topográfica completa Código de barras Visto por última vez Precio de reemplazo Tipo de ítem Koha
        Biblioteca del Ateneo de Madrid Biblioteca del Ateneo de Madrid Sala Pecera Planta 3 17/01/2008     G-12509 1026062 23/02/2023 23/02/2023 Libro impreso